000 00440nam a2200169Ia 4500
003 GCL
008 140319s9999 xx 000 0 ara d
040 _aGCL /
_cGCL
082 0 4 _a813.083
_bع ا
100 1 _aعزالدين نجيب
245 1 0 _aايام العز /
_cعزالدين نجيب
490 _aقصص مصرية
_v0
650 0 4 _aالادب العربى
650 0 4 _aالادب
650 0 4 _aالقصص
942 _2ddc
_cBK
999 _c41872
_d41872